<?xml version="1.0" encoding="UTF-8"?>
<marc:record xmlns:marc="http://www.loc.gov/MARC21/slim">
   <marc:leader>00000nam a2200000 a 4500</marc:leader>
   <marc:datafield ind1="1" ind2=" " tag="100">
      <marc:subfield code="a">Conrad, Tobias</marc:subfield>
      <marc:subfield code="4">aut</marc:subfield>
      <marc:subfield code="e">Verfasser/-in</marc:subfield>
   </marc:datafield>
   <marc:datafield ind1=" " ind2=" " tag="653">
      <marc:subfield code="a">Flugangst</marc:subfield>
   </marc:datafield>
   <marc:datafield ind1=" " ind2=" " tag="653">
      <marc:subfield code="a">Angstbewältigung</marc:subfield>
   </marc:datafield>
   <marc:datafield ind1=" " ind2=" " tag="653">
      <marc:subfield code="a">Selbsttherapie</marc:subfield>
   </marc:datafield>
   <marc:datafield ind1=" " ind2=" " tag="653">
      <marc:subfield code="a">Ratgeber</marc:subfield>
   </marc:datafield>
   <marc:datafield ind1="0" ind2="0" tag="245">
      <marc:subfield code="a">Gelassen fliegen</marc:subfield>
   </marc:datafield>
   <marc:datafield ind1="0" ind2="0" tag="245">
      <marc:subfield code="b">Selbsttherapie bei Flugangst</marc:subfield>
   </marc:datafield>
   <marc:datafield ind1="0" ind2="0" tag="245">
      <marc:subfield code="c">Tobias Conrad</marc:subfield>
   </marc:datafield>
   <marc:datafield ind1=" " ind2="1" tag="264">
      <marc:subfield code="a">Heidelberg</marc:subfield>
      <marc:subfield code="b">Carl-Auer-Verl.</marc:subfield>
      <marc:subfield code="c">2011</marc:subfield>
   </marc:datafield>
   <marc:datafield ind1="1" ind2=" " tag="490">
      <marc:subfield code="a">LebensLust</marc:subfield>
   </marc:datafield>
   <marc:datafield ind1=" " ind2=" " tag="250">
      <marc:subfield code="a">1. Aufl.</marc:subfield>
   </marc:datafield>
   <marc:datafield ind1="1" ind2=" " tag="520">
      <marc:subfield code="a">Angaben aus der Verlagsmeldung

Gelassen fliegen : Selbsttherapie bei Flugangst / von Tobias Conrad

Nervosität, Herzrasen, Schweißausbrüche, schnell gehender Atem, Panikattacken: Für Menschen, die unter Flugangst leiden, wird der Traum vom Fliegen regelmäßig schon vor dem Start zum Alptraum. Knapp ein Drittel aller Passagiere kennt Flugangst – und leidet darunter. Dabei gehört das Flugzeug zu den sichersten Verkehrsmitteln der Welt. Aber Flugangst lässt sich nicht mit Argumenten beseitigen. Die häufigste Strategie für Betroffene lautet: Vermeiden.

Tobias Conrad, Arzt, Hypnotherapeut und Chefsteward bei Lufthansa, gibt Menschen mit Flugangst praxiserprobte Strategien an die Hand. Zunächst widmet er sich der Frage, woher die Angst kommt und wo mögliche Ursachen liegen. Anschließend zeigt er auf, wie Flugangst mithilfe von Selbsttherapie erfolgreich überwunden werden kann. Die Leser gehen die einzelnen Stationen einer Flugreise Schritt für Schritt durch und erfahren dabei alles flugtechnisch Wissenswerte: von Check-In, Sicherheitskontrolle, Boarding und Start über den eigentlichen Flug bis hin zur sicheren Landung.

Zahlreiche in der therapeutischen Praxis erprobte Interventionen wie bestimmte Atemtechniken und Körperentspannungsmethoden ergänzen den theoretischen Teil. Die Übungsanleitungen sind klar und nachvollziehbar beschrieben und begleiten sowohl Gelegenheits- als auch Vielflieger auf dem Weg zum entspannten Reisen.
</marc:subfield>
   </marc:datafield>
   <marc:datafield ind1=" " ind2=" " tag="020">
      <marc:subfield code="a">9783896707925</marc:subfield>
      <marc:subfield code="9">9783896707925</marc:subfield>
   </marc:datafield>
   <marc:datafield ind1=" " ind2=" " tag="041">
      <marc:subfield code="a">ger</marc:subfield>
   </marc:datafield>
   <marc:datafield ind1=" " ind2=" " tag="300">
      <marc:subfield code="a">174 S.</marc:subfield>
   </marc:datafield>
</marc:record>
